Finančné riadenie odvodov Slovenskej republiky po jej pristúpení k Európskej únii

Prehľad o celkovom finančnom riadení odvodov SR do rozpočtu Európskych spoločenstiev po pristúpení SR k Európskej únii.

Guardado en:
Detalles Bibliográficos
Autor principal: Konvalinková, Iveta
Formato: Capítulo de libro
Lenguaje:eslovaco
Materias:
Etiquetas: Agregar Etiqueta
Sin Etiquetas, Sea el primero en etiquetar este registro!

MARC

LEADER 00000naa$a2200000$$$4500
001 0005144
005 20230919094454.7
041 0 |a slo 
044 |a SK 
245 1 0 |a Finančné riadenie odvodov Slovenskej republiky po jej pristúpení k Európskej únii  |c aut. Iveta Konvalinková 
520 |a Prehľad o celkovom finančnom riadení odvodov SR do rozpočtu Európskych spoločenstiev po pristúpení SR k Európskej únii. 
610 2 0 |a odvody 
610 2 0 |a riadenie finančné 
610 2 0 |a financie 
610 2 0 |a riadenie 
610 2 0 |a Európske spoločenstvá 
610 2 0 |a Európska únia 
610 2 0 |a Slovensko 
100 1 |a Konvalinková, Iveta